| 000 -LEADER |
| fixed length control field |
01670cam a2200397 a 4500 |
| 003 - CONTROL NUMBER IDENTIFIER |
| control field |
OSt |
| 005 - DATE AND TIME OF LATEST TRANSACTION |
| control field |
20230116174645.0 |
| 008 - FIXED-LENGTH DATA ELEMENTS--GENERAL INFORMATION |
| fixed length control field |
110829s2011 nyua j 6 000 f eng d |
| 020 ## - INTERNATIONAL STANDARD BOOK NUMBER |
| International Standard Book Number |
9781597072625 |
| 040 ## - CATALOGING SOURCE |
| Original cataloging agency |
ICrlF |
| Transcribing agency |
ICrlF |
| Modifying agency |
ICrlF |
| -- |
KyLxBWI |
| -- |
CaOL |
| -- |
KH8 |
| 082 ## - DEWEY DECIMAL CLASSIFICATION NUMBER |
| Classification number |
741.5973 CON |
| 100 1# - MAIN ENTRY--PERSONAL NAME |
| Personal name |
Conway, Gerry. |
| Relator term |
author |
| 245 10 - TITLE STATEMENT |
| Title |
Together with the Hardy Boys / |
| Statement of responsibility, etc. |
Gerry Conway, writer ; Sho Murase, artist ; with 3D CG elements and color by Carlos Jose Guzman. |
| 246 30 - VARYING FORM OF TITLE |
| Title proper/short title |
New case files. |
| 246 30 - VARYING FORM OF TITLE |
| Title proper/short title |
Together with the Hardy Boys. |
| 260 ## - PUBLICATION, DISTRIBUTION, ETC. |
| Place of publication, distribution, etc. |
New York : |
| Name of publisher, distributor, etc. |
Papercutz, |
| Date of publication, distribution, etc. |
c2011. |
| 300 ## - PHYSICAL DESCRIPTION |
| Extent |
1 v. (unpaged) : |
| Other physical details |
chiefly col. ill. ; |
| Dimensions |
24 cm. |
| 490 1# - SERIES STATEMENT |
| Series statement |
Nancy Drew, girl detective. The new case files. |
| 500 ## - GENERAL NOTE |
| General note |
"Based on suggestions by Stephan Petrucha and Sarah Kinney." |
| 500 ## - GENERAL NOTE |
| General note |
"Based on the series by Carolyn Keene." |
| 500 ## - GENERAL NOTE |
| General note |
"The Hardy Boys characters based on the series by Franklin W. Dixon." |
| 520 ## - SUMMARY, ETC. |
| Summary, etc. |
Nancy Drew teams up with brothers Frank and Joe Hardy to solve a mystery in Nancy's hometown, but the investigative trio stumbles when the Hardy Boys refuse to cooperate with one another. |
| 650 #0 - SUBJECT ADDED ENTRY--TOPICAL TERM |
| Topical term or geographic name entry element |
Drew, Nancy (Fictitious character) |
| Form subdivision |
Fiction. |
| 650 #0 - SUBJECT ADDED ENTRY--TOPICAL TERM |
| Topical term or geographic name entry element |
Hardy Boys (Fictitious characters) |
| Form subdivision |
Fiction. |
| 650 #0 - SUBJECT ADDED ENTRY--TOPICAL TERM |
| Topical term or geographic name entry element |
Friendship |
| Form subdivision |
Fiction. |
| 650 #0 - SUBJECT ADDED ENTRY--TOPICAL TERM |
| Topical term or geographic name entry element |
Graphic novels. |
| 655 #0 - INDEX TERM--GENRE/FORM |
| Genre/form data or focus term |
Detective and mystery fiction. |
| 655 #0 - INDEX TERM--GENRE/FORM |
| Genre/form data or focus term |
Graphic novels. |
| 700 1# - ADDED ENTRY--PERSONAL NAME |
| Personal name |
Keene, Carolyn. |
| 700 1# - ADDED ENTRY--PERSONAL NAME |
| Personal name |
Dixon, Franklin W. |
| 700 1# - ADDED ENTRY--PERSONAL NAME |
| Personal name |
Petrucha, Stefan. |
| 700 1# - ADDED ENTRY--PERSONAL NAME |
| Personal name |
Kinney, Sarah. |
| 700 1# - ADDED ENTRY--PERSONAL NAME |
| Personal name |
Murase, Sho. |
| 830 #0 - SERIES ADDED ENTRY--UNIFORM TITLE |
| Uniform title |
Nancy Drew, girl detective. |
| Name of part/section of a work |
New case files (Graphic novel series) ; |
| Volume/sequential designation |
3. |
| 942 ## - ADDED ENTRY ELEMENTS (KOHA) |
| Source of classification or shelving scheme |
|
| Koha item type |
Books - Non Ficton |